书目信息 |
| 题名: |
2020全国一级注册建筑师执业资格考试历年真题解析与模拟试卷
|
|
| 作者: | 王湘莉 主编 | |
| 分册: | 建筑方案设计 (作图题) | |
| 出版信息: | 北京 中国电力出版社 2020.01 |
|
| 页数: | 275页 | |
| 开本: | 26cm | |
| 丛书名: | ||
| 单 册: | ||
| 中图分类: | TU-44 , TU2-44 | |
| 科图分类: | ||
| 主题词: | 建筑师--jian zhu shi--资格考试--题解 , 建筑制图--jian zhu zhi tu--资格考试--题解 | |
| 电子资源: | ||
| ISBN: | 978-7-5198-3750-1 | |
| 000 | 01320nam 2200277 450 | |
| 001 | 2064181434 | |
| 005 | 20201107174950.13 | |
| 010 | @a978-7-5198-3750-1@dCNY78.00 | |
| 100 | @a20191108d2020 em y0chiy50 ea | |
| 101 | 0 | @achi |
| 102 | @aCN@b110000 | |
| 105 | @aak a 000yy | |
| 200 | 1 | @a2020全国一级注册建筑师执业资格考试历年真题解析与模拟试卷@A2020 quan guo yi ji zhu ce jian zhu shi zhi ye zi ge kao shi li nian zhen ti jie xi yu mo ni shi juan@i建筑方案设计 (作图题)@f主编王湘莉 |
| 210 | @a北京@c中国电力出版社@d2020.01 | |
| 215 | @a275页@c图@d26cm | |
| 300 | @a2020电力版 | |
| 320 | @a有书目 (第275页) | |
| 330 | @a本书分为八章, 前七章介绍了考试相关情况及备考建议, 并对各种类型建设及设计要点进行了详细讲解, 第八章收录了2003-2018年的全国一级建筑师职业资格考试建筑方案设计 (作图题) 科目的全部考试试题, 并将这些题目进行分析和解答, 归纳额解题思路和方法, 每套题目还给出了参考答案和评分标准, 最后给出一套模拟试题 (2019年真题) , 供考生在复习后进行练习和检验复习效果。 | |
| 517 | 1 | @a建筑方案设计 (作图题)@Ajian zhu fang an she ji ( zuo tu ti ) |
| 606 | 0 | @a建筑师@Ajian zhu shi@x资格考试@j题解 |
| 606 | 0 | @a建筑制图@Ajian zhu zhi tu@x资格考试@j题解 |
| 690 | @aTU-44@v5 | |
| 690 | @aTU2-44@v5 | |
| 701 | 0 | @a王湘莉@Awang xiang li@4主编 |
| 801 | 0 | @aCN@b人天书店@c20201002 |
| 905 | @aZUCC@dTU-44@eW383 | |
| 2020全国一级注册建筑师执业资格考试历年真题解析与模拟试卷.建筑方案设计 (作图题)/主编王湘莉.-北京:中国电力出版社,2020.01 |
| 275页:图;26cm |
| 2020电力版 |
| ISBN 978-7-5198-3750-1:CNY78.00 |
| 本书分为八章, 前七章介绍了考试相关情况及备考建议, 并对各种类型建设及设计要点进行了详细讲解, 第八章收录了2003-2018年的全国一级建筑师职业资格考试建筑方案设计 (作图题) 科目的全部考试试题, 并将这些题目进行分析和解答, 归纳额解题思路和方法, 每套题目还给出了参考答案和评分标准, 最后给出一套模拟试题 (2019年真题) , 供考生在复习后进行练习和检验复习效果。 |
| ● |
| 相关链接 |
|
|
|
正题名:2020全国一级注册建筑师执业资格考试历年真
索取号:TU-44/W383
 
预约/预借
| 序号 | 登录号 | 条形码 | 馆藏地/架位号 | 状态 | 备注 |
| 1 | 1486601 | 214866019 | 建筑库101/101建筑库 12排1列5层/ [索取号:TU-44/W383] | 在馆 | |
| 2 | 1486602 | 214866028 | 建筑库101/101建筑库 12排1列5层/ [索取号:TU-44/W383] | 在馆 |